00515nam a2200193Ia 450000500170000000800410001702000220005804100080008008200200008810000140010824500600012225000120018226000470019430000210024144000060026250000080026865000310027670000140030720230419121642.0230125s9999 xx 000 0 und d a978-81-7708-463-4 aeng a658.312 44bSUD aSudan R K aHuman Resources Development (Hrd) : Theory And Practice a1st Ed. c2018bNew Century Publications.aNew Delhi a174pcHard Bound v2 aHRD aHuman Resource Management. aSudan R K